Manifestationen des Transzendenten in der Badener Siedlung von Balatonősződ-Temetöi Dűlő - Kultgegenstände
| Titel: | Manifestationen des Transzendenten in der Badener Siedlung von Balatonősződ-Temetöi Dűlő - Kultgegenstände |
|---|---|
| Verfasser: | |
| In: |
Prähistorische Zeitschrift, Band 85, Heft 1 (2010), Seite 79-119, Abb. alle Artikel anzeigen |
| Veröffentlicht: | 2010 |
| Format: | Aufsatz |
| Sprache: | Deutsch |
| Hinweise zum Inhalt: |
zusätzliche Angaben
|
X
alg: 39175718
001A $01999:11-11-16
001B $01999:28-04-17 $t14:30:30.000
001C $06050:19-11-16 $t08:44:22.000
001D $01999:11-11-16
001U $0utf8
001X $00
002@ $0Aox
003@ $0391757180
007A $0391757180 $aHEB
007T $0Herdc0083072m
009P $A2 $3zusätzliche Angaben $uhttp://www.degruyter.com/view/j/prhz.2010.85.issue-1/pz.2010.006/pz.2010.006.xml?format=INT
010@ $ager
011@ $a2010
021A $aManifestationen des Transzendenten in der Badener Siedlung von Balatonősződ-Temetöi Dűlő - Kultgegenstände
028A $aHorváth $dTünde
031A $d85 $e1 $h79-119, Abb. $j2010
037A $adt. Res. 79; franz. Res. 79; engl. Res. 79; ungar. Res. 79
039B $aIn $8--Abvc--. Prähistorische Zeitschrift. - Berlin {[u.a.] : de Gruyter, 1909-. - ISSN 0079-4848 $x201000000850001921 $9047249722
045T $a6,11
lok: 39175718 78
exp: 39175718 78 1 #EPN
201B/01 $019-04-17 $t10:22:33.000
201U/01 $0utf8
203@/01 $0787852015
208@/01 $a11-11-16 $be
209A/01 $a/ $f000 $x00
220C/01 $aTitelaufnehmer: pg
220C/01 $aHerkunft: HI Marburg
244Z/01 $2Trx $#Ungari $#Vengrija $#Ungārija $#Ungarn $#Hungary $#Węgry $#Maďarsko $#Maďarsko $#Uhorsko $#Uhersko;Uhry $8--Trx--Magyarország $x01 $9391197150
244Z/01 $2Trx $8--Trx--Balatonőszöd$gSomogy $x02 $9391257714
244Z/01 $2Trx $#asulad arheoloogia $#gyvenvietės archeologija $#settlements archeology $#települések régészet $#archeologia, osady $#osady archeológia $#osady archeologie $8--Trx--Siedlungen$gArchäologie $x03 $9391379755
244Z/01 $2Trx $#arheoloogia uurimused $#archeologiniai tyrimai $#archaeology research $#régészet vizsgálatok $#archeologia, badania $#archeológia, výskumy $#archeologie, výzkumy $8--Trx--Archäologie$gUntersuchungen $x04 $9391380192
244Z/01 $2Trx $8--Trx--Zeitschriftenaufsatz $x05 $9391384341
244Z/01 $2Trx $8--Trx--elektronische Ressource $x06 $939138452X
245Z/01 $a05.02 $x01
247C/01 $82080>Marburg/Lahn, Herder-Institut, Forschungsbibliothek, Bibliographieportal $9336309341
| LEADER | 00000caa a22000002c 4500 | ||
|---|---|---|---|
| 001 | 391757180 | ||
| 003 | DE-603 | ||
| 005 | 20170428143030.0 | ||
| 007 | tu | ||
| 008 | 161111s2010 xx |||| | u00||u|ger c | ||
| 035 | |a (DE-599)HEB391757180 | ||
| 040 | |a DE-603 |b ger |c DE-603 |d DE-603 | ||
| 041 | |a ger | ||
| 084 | |a 6,11 |2 ssgn | ||
| 100 | 1 | |a Horváth, Tünde | |
| 245 | 0 | 0 | |a Manifestationen des Transzendenten in der Badener Siedlung von Balatonősződ-Temetöi Dűlő - Kultgegenstände |
| 264 | 0 | |c 2010 | |
| 500 | |a dt. Res. 79; franz. Res. 79; engl. Res. 79; ungar. Res. 79 | ||
| 773 | 0 | 8 | |i In |t Prähistorische Zeitschrift |d Berlin [u.a.] : de Gruyter, 1909- |x 0079-4848 |g Band 85, Heft 1 (2010), Seite 79-119, Abb. |w (DE-603)047249722 |w (DE-600)200096-9 |
| 856 | 4 | 2 | |u http://www.degruyter.com/view/j/prhz.2010.85.issue-1/pz.2010.006/pz.2010.006.xml?format=INT |3 zusätzliche Angaben |
| 924 | 0 | |9 2080 |a (DE-603)787852015 |b DE-2080 |c HES |d d |g / | |


